Statistics for Rainbow 6 ESPORTS

Click here to take the quiz!

General Stats

  • This quiz has been taken 58 times
  • The average score is 9 of 18

Answer Stats

AnswerHint% Correct
PenguOriginal Penta Team /1
93%
TSMWho does Beaulo play for
84%
G2Who Won SI 2019
82%
FabianOriginal Penta Team /2
80%
PentaWho Won SI 2018
80%
SSGWho Won SI 2020
73%
GOGAOriginal Penta Team /5
69%
KixStarPro that turned into a commentator
67%
MontrealWhere is the SI finals held
60%
Team EmpireWhat team won pro league 2019
56%
KSOriginal Penta Team /4
49%
JNSzkiOriginal Penta Team /3
44%
Cloud 9What was TEAM RECs previous ORG
31%
MiloshThe Living Maestro Main
29%
KamikazeThe player with the most amount of plants at a SI 2020
13%
MzoThe Main Analyst
9%
LaxingMost Kills in a single game (25)
2%
MilleniumWho Won SI 2017
2%

Score Distribution

Percentile by Number Answered

Percent of People with Each Score

Your Score History

You have not taken this quiz